Leading Countries in Adult Mortality Rate - Statistics

General Stats
  • This quiz has been taken 27 times
  • The average score is 14 of 20
Answer Stats
Chance of Dying From 15-60 Years (%) Country Leading Cause of Death (2019) % Correct
37.8% Namibia HIV/AIDS
91%
30.5% Republic of the Congo HIV/AIDS
91%
41.2% Zimbabwe HIV/AIDS
91%
36.6% Botswana HIV/AIDS
87%
37.1% South Africa HIV/AIDS
87%
50.9% Eswatini HIV/AIDS
83%
40.5% Somalia Lower Respiratory Infections
83%
33.5% Zambia HIV/AIDS
83%
57.4% Lesotho HIV/AIDS
78%
32.3% Malawi HIV/AIDS
78%
38.6% Mozambique HIV/AIDS
78%
30.6% South Sudan Lower Respiratory Infections
78%
34.4% Afghanistan Ischemic Heart Disease
74%
47.1% Central African Republic Tuberculosis
74%
28.2% Haiti Ischemic Heart Disease
70%
29.5% Eritrea Lower Respiratory Infections
61%
35.5% Guinea-Bissau Ischemic Heart Disease
61%
28.9% Equatorial Guinea HIV/AIDS
39%
32.7% Kiribati Ischemic Heart Disease
13%
30.7% Solomon Islands Ischemic Heart Disease
9%
No matching quizzes found
Score Distribution
Percent of People with Each Score
Percentile by Number Answered
Your Score History
You have not taken this quiz